| 000 | 00536nam a2200205Ia 4500 | ||
|---|---|---|---|
| 003 | OSt | ||
| 005 | 20220819150013.0 | ||
| 008 | 220811b |||||||| |||| 00| 0 eng d | ||
| 020 | _a0071147349 | ||
| 040 | _cIFM Library | ||
| 082 | _a330 | ||
| 100 |
_aSlavin, Stephen L _91600 |
||
| 245 | _aThe Economy Today | ||
| 250 | _a4th ed. | ||
| 260 |
_aBoston: _bIrwin/McGraw-Hill, _c1980 |
||
| 300 | _axxxi, 857p.: ill.; 28cm. | ||
| 500 | _aIncludes Bibliographical References and Index | ||
| 650 |
_aEconomics _9895 |
||
| 942 |
_cBK _2ddc _n0 |
||
| 999 |
_c2676 _d2676 |
||